中国代表团未获得过奖牌的奥运会大类项目 - Statistics

General Stats
  • This quiz has been taken 16 times
    7 since last reset
  • The average score is 4 of 18
Answer Stats
首次参加年份 项目 % Correct
2022 冰球
57%
2008 马术
57%
未参加 板球
43%
2020 橄榄球
43%
2022 雪橇
43%
2024 冲浪
29%
1980 冬季两项
29%
2020 滑板
29%
2000 铁人三项
29%
未参加 槌球
14%
未参加 马球
14%
未参加 美式门球
14%
未参加 巴斯克回力球
0%
未参加 古典网球
0%
未参加 棍网球
0%
未参加 军事巡逻
0%
未参加 摩托艇
0%
未参加 墙网球
0%
No matching quizzes found
Score Distribution
Percent of People with Each Score
Percentile by Number Answered
Your Score History
You have not taken this quiz since the last reset